Statistics for how well do you know Martha quiz

Click here to take the quiz!

General Stats

  • This quiz has been taken 12 times
  • The average score is 5 of 10

Answer Stats

QuestionAnswer% Correct
what is marthas dogs name?Ned
83%
when is martha's birthday?28th January
67%
what is Martha's favourite christmas song?last christmas- Wham
67%
what is Martha's dad called?Alan
50%
what is marthas half brother called?Barney
50%
what is Martha's favourite colour?pink
50%
what is marthas dream meal?sea food linguine
50%
what is martha's favourite tv show?Gossip girl
33%
whats martha's middle name?Katherine
33%
where would martha rather live?London
17%

Score Distribution

Percentile by Number Answered

Percent of People with Each Score

Your Score History

You have not taken this quiz